000 00584nam a2200193Ia 4500
003 OSt
005 20240411093700.0
008 210210b1997 xxu||||| |||| 00| 0 eng d
040 _cAL
041 _aHindi
082 _aH491.3 KAPA
100 _aKAPUR (Badarinath).
_d बदरीनाथ कपूर
_9159523
245 _aAadunik hindi prayog kosh.
_bआधुनिक हिन्दी प्रयोग कोश
260 _aNayi Dilli.
_bRadhakrashn Prakashan.,
_c1997
300 _ax,268
690 _aHindi Dictionary
_9159524
906 _a052657
942 _2ddc
_cBK
999 _c101215
_d101215